[Event "EU-chT (Men) 10th"]
[Site "Debrecen"]
[Date "1992.11.??"]
[Round "3.2"]
[White "Adams, Michael"]
[Black "Cvitan, Ognjen"]
[Result "1-0"]
[WhiteElo "2620"]
[BlackElo "2505"]
[Annotator "Bulletin"]
[PlyCount "123"]
[EventDate "1992.11.20"]
[EventType "team-swiss"]
[EventRounds "9"]
[EventCountry "HUN"]
[SourceTitle "EU-chT"]
[Source "ChessBase"]
[SourceDate "1999.07.01"]
[SourceVersion "2"]
[SourceVersionDate "1999.07.01"]
[SourceQuality "1"]
[WhiteTeam "England"]
[BlackTeam "Croatia"]
[WhiteTeamCountry "ENG"]
[BlackTeamCountry "CRO"]

1. e4 c5 2. Nf3 e6 3. d4 cxd4 4. Nxd4 Nf6 5. Nc3 d6 6. g4 Nc6 7. g5 Nd7 8. Be3
Be7 9. h4 (9. Qh5) 9... O-O 10. Qd2 Nde5 11. Be2 (11. O-O-O Ng4 $13 (11... Nxd4
)) 11... Na5 (11... a6) 12. b3 (12. O-O-O Nac4 13. Bxc4 Nxc4 14. Qe2 Nxe3 15.
Qxe3 $13) 12... Nac6 13. O-O-O Nxd4 (13... Qa5 14. Kb2 {/\ Ncb5}) 14. Bxd4 Nc6
15. Be3 Qa5 (15... a6 $5) 16. Kb2 (16. Kb1 Nb4) 16... a6 17. Na4 Qe5+ (17...
Qxd2 18. Rxd2 b5 19. Nb6 Rb8 $16) 18. c3 Qxe4 (18... b5 19. Nb6 Rb8 20. f4 $18)
19. Nb6 Rb8 20. f4 Nd8 (20... Qg6 $2 21. h5) (20... e5 21. Bd3 Qf3 22. f5) 21.
Bd3 Qc6 22. Qc2 f5 23. gxf6 Bxf6 24. Be4 Qc7 (24... d5 25. Nxd5 $1) 25. Bxh7+
Kh8 26. Bg6 Nf7 27. Rc1 (27. f5 Ne5) 27... d5 28. Qd1 Nh6 29. Kb1 (29. f5 d4
30. Bxd4 Bxd4 (30... Rd8 31. Nxc8 e5 32. Bb6) 31. Qxd4 e5 32. Qe3 Bxf5) 29...
d4 (29... Rd8 {>=} 30. f5 $5 d4 31. cxd4 Qxb6 32. Qh5 Kg8) 30. Bxd4 Bxd4 31.
Qxd4 Rxf4 32. Qe3 Ng4 33. Qg3 e5 34. Nxc8 (34. Nd5 Qd6 35. Nxf4 exf4 36. Qd3
Qxd3+ 37. Bxd3 Nf2 $10) 34... Rxc8 35. h5 Nh6 36. Rhe1 Rcf8 37. Re2 a5 38. Qg5
Ng4 39. Bc2 Qc6 40. Qg6 Qxg6 41. Bxg6 Rd8 42. Rce1 Kg8 43. Re4 b6 44. a4 Rxe4 (
44... Rdf8 45. Kc2 Rd8 $16) 45. Rxe4 Rd1+ 46. Kc2 Rg1 47. Bf5 Rg2+ 48. Kb1 Nh6
49. Rxe5 (49. Be6+ Kf8 50. Rxe5) 49... Nxf5 50. Rxf5 g6 (50... Kh7 51. Rb5) 51.
hxg6 Rxg6 52. Kc2 Rd6 (52... Kg7 53. Kd3) 53. b4 axb4 54. cxb4 Kg7 55. Kb3 Kg6
56. Rf3 Rd7 57. Rc3 Rd6 58. Kc4 Rc6+ 59. Kd4 Rd6+ 60. Ke5 Rf6 61. Kd5 Kf7 62.
Rc6 1-0

[Event "POL-ch 52nd"]
[Site "Warsaw"]
[Date "1995.??.??"]
[Round "14"]
[White "Socko, Bartosz"]
[Black "Schmidt, Wlodzimierz"]
[Result "1-0"]
[WhiteElo "2385"]
[BlackElo "2475"]
[Annotator "Bulletin"]
[PlyCount "69"]
[EventDate "1995.02.11"]
[EventType "tourn"]
[EventRounds "17"]
[EventCountry "POL"]
[EventCategory "8"]
[SourceTitle "EXT 1999"]
[Source "ChessBase"]
[SourceDate "1998.11.16"]
[SourceVersion "1"]
[SourceVersionDate "1998.11.16"]
[SourceQuality "1"]

1. e4 c5 2. Nf3 e6 3. d4 cxd4 4. Nxd4 Nf6 5. Nc3 d6 6. g4 h6 7. h4 Be7 8. Be3
Nc6 9. Rg1 h5 10. gxh5 Nxh5 11. Qd2 a6 12. O-O-O Bd7 13. Be2 g6 14. f4 Nf6 (
14... Bxh4 15. Nxc6 Bxc6) 15. Bd3 Qc7 (15... b5 $1) 16. Nf3 b5 17. f5 gxf5 $2 (
17... b4 $1) 18. exf5 exf5 19. Bg5 Be6 20. Bxf5 $1 Bxf5 21. Bxf6 Bxf6 22. Nd5
Qd8 23. Qf4 Bxb2+ 24. Kxb2 Be6 25. Nf6+ Ke7 26. Ng5 Ne5 27. Nfe4 Nc4+ 28. Ka1
Rg8 29. Rgf1 Qf8 30. Rxd6 $1 Qg7+ 31. c3 Ra7 32. Rc6 Rd8 33. Rxe6+ $1 Kf8 (
33... fxe6 34. Qf7+ Qxf7 35. Rxf7+ Ke8 36. Nf6#) 34. Rf6 Rad7 35. Rxf7+ 1-0

[Event "World Cup"]
[Site "Barcelona"]
[Date "1989.03.??"]
[Round "15"]
[White "Ljubojevic, Ljubomir"]
[Black "Hjartarson, Johann"]
[Result "1-0"]
[WhiteElo "2580"]
[BlackElo "2615"]
[Annotator "Bulletin"]
[PlyCount "85"]
[EventDate "1989.03.??"]
[EventType "tourn"]
[EventRounds "17"]
[EventCountry "ESP"]
[EventCategory "15"]
[SourceTitle "CBM 012"]
[Source "ChessBase"]
[SourceDate "1989.10.01"]
[SourceVersion "1"]
[SourceVersionDate "1989.10.01"]
[SourceQuality "1"]

1. e4 c5 2. Nf3 d6 3. d4 cxd4 4. Nxd4 Nf6 5. Nc3 e6 6. g4 Nc6 7. g5 Nd7 8. Rg1
Be7 {'?!' Bulletin. Bulletin: '>= 8...Nb6'} 9. Rg3 O-O {'?!' Bulletin.} 10. Be3
a6 11. Qe2 Nxd4 12. Bxd4 Re8 13. Qh5 Nf8 14. O-O-O b5 15. Rdd3 {'!' Bulletin.}
b4 16. Rdf3 e5 (16... g6 $2 17. Qh6 e5 18. Nd5 exd4 19. Nf6+ Kh8 20. Bh3 $1 $18
) 17. Qxf7+ Kh8 18. Bb6 {'!' Bulletin.} Bxg5+ 19. Kb1 Qe7 20. Nd5 Qxf7 21. Rxf7
Ne6 22. Bc4 h6 23. Rd3 Rb8 24. Ba7 Rb7 25. Rxb7 Bxb7 26. Nxb4 Bf4 27. Rxd6 Ng5
28. Bxa6 Nxe4 29. Rd7 Bxa6 30. Nxa6 Bxh2 31. Nc7 Rg8 32. a4 Bg1 33. a5 h5 34.
a6 h4 35. Re7 h3 36. Rxe5 g5 37. Bd4 Nd2+ (37... Bxf2 38. Rxe4+ (38. Bxf2 $2 h2
$1 $19) 38... Bxd4 39. Rxd4 h2 40. Rd1 g4 41. Rh1 $1 g3 42. Ne6 $1 $18) 38. Kc1
Nf3 39. Rxg5+ Nxd4 40. Rxg8+ Kxg8 41. a7 h2 42. a8=Q+ Kf7 43. Qd5+ 1-0

[Event "Sonnevanck 1st"]
[Site "Wijk aan Zee"]
[Date "1987.10.08"]
[Round "7"]
[White "Riemersma, Liafbern"]
[Black "Grooten, Herman"]
[Result "0-1"]
[WhiteElo "2345"]
[BlackElo "2325"]
[Annotator "Bulletin"]
[PlyCount "80"]
[EventDate "1987.10.02"]
[EventType "tourn"]
[EventRounds "9"]
[EventCountry "NED"]
[EventCategory "3"]
[SourceTitle "EXT 2008"]
[Source "ChessBase"]
[SourceDate "2007.11.25"]
[SourceVersion "1"]
[SourceVersionDate "2007.11.25"]
[SourceQuality "1"]

1. e4 c5 2. Nf3 e6 3. d4 cxd4 4. Nxd4 Nf6 5. Nc3 d6 6. g4 h6 7. h4 Nc6 8. Rg1
h5 9. gxh5 Nxh5 10. Bg5 Qb6 11. Nb3 Qc7 12. Be2 Nf6 13. h5 Nh7 $6 14. Be3 a6
15. Qd2 b5 16. a3 $6 Bb7 17. O-O-O Rc8 18. f4 b4 19. axb4 Nxb4 20. Kb1 $6 Nf6
21. Bf3 d5 $1 22. e5 Ne4 $4 23. Bxe4 dxe4 24. Bb6 Qe7 25. Bc5 Qc7 26. Bb6 Qe7
27. Nc5 Nd5 28. N3xe4 $6 Nxb6 $5 29. Nd6+ Qxd6 30. exd6 Rxc5 31. d7+ Kd8 32.
Qd4 $2 (32. f5 $1) 32... Rhxh5 33. Rxg7 Bxg7 34. Qxg7 Rhd5 35. Qf8+ Kxd7 36.
Qxf7+ Kd6 $1 37. Qf8+ Kc7 38. Qf7+ Nd7 39. Rg1 Rd6 $1 40. Rg8 Be4 0-1

[Event "DDR-ch 38th"]
[Site "Zittau"]
[Date "1989.02.14"]
[Round "3"]
[White "Kaminski, Uwe"]
[Black "Boensch, Uwe"]
[Result "1-0"]
[WhiteElo "2345"]
[BlackElo "2490"]
[Annotator "Bulletin"]
[PlyCount "123"]
[EventDate "1989.02.12"]
[EventType "tourn"]
[EventRounds "13"]
[EventCountry "DDR"]
[EventCategory "7"]
[SourceTitle "CBM 012"]
[Source "ChessBase"]
[SourceDate "1989.10.01"]
[SourceVersion "1"]
[SourceVersionDate "1989.10.01"]
[SourceQuality "1"]

1. e4 c5 2. Nf3 e6 3. d4 cxd4 4. Nxd4 Nf6 5. Nc3 d6 6. g4 Nc6 7. g5 Nd7 8. Be3
Be7 9. h4 O-O 10. Qd2 a6 11. O-O-O Nxd4 12. Bxd4 b5 13. a3 Rb8 14. f4 e5 15.
Be3 exf4 16. Bxf4 b4 17. axb4 Rxb4 18. Nd5 Ra4 19. Kb1 Bb7 $2 {Knaak: 19...Ne5
(!)} (19... Nc5 $2 20. b3 Rxe4 21. Bg2 $18) 20. Nxe7+ Qxe7 21. Bxd6 Qe6 22. b3
Bxe4 23. Rh3 $1 $18 Rd8 24. bxa4 Nb6 25. Re3 Nxa4 26. Bg2 Rb8+ 27. Bb4 f5 28.
Bxe4 fxe4 29. Rb3 $4 a5 30. Bc3 Rxb3+ 31. cxb3 Qxb3+ 32. Bb2 Nc3+ $1 33. Qxc3
Qxd1+ 34. Ka2 Qa4+ 35. Ba3 Kf7 36. h5 Qd1 $4 {36...Ke6 =} 37. Qc4+ Ke8 38.
Qxe4+ Kd7 39. Bb2 Qxh5 40. Qd5+ Kc7 41. Qxa5+ Kc6 42. Qc3+ Kb5 43. Qxg7 Qh1 44.
Qe5+ Kb6 45. Bc3 Qg2+ 46. Kb3 Qh3 47. Kc4 Qf1+ 48. Kd4 Qg1+ 49. Ke4 Qg4+ 50.
Ke3 Qh3+ 51. Kf4 Qh5 52. Qe6+ Kc5 53. Be1 Qh2+ 54. Bg3 Qh5 55. Qg4 Qh1 56. Qf3
Qh3 57. Qe3+ Kd6 58. Qe5+ Kd7 59. Qf5+ Qxf5+ 60. Kxf5 Ke7 61. Kg4 Kf7 62. Kh5
1-0

[Event "Plzen KB op-A U18"]
[Site "Plzen"]
[Date "1997.??.??"]
[Round "8"]
[White "Bratanov, Zsivko"]
[Black "Stocek, Jiri"]
[Result "0-1"]
[WhiteElo "2355"]
[BlackElo "2470"]
[Annotator "Bulletin"]
[PlyCount "82"]
[EventDate "1997.??.??"]
[EventType "swiss"]
[EventRounds "9"]
[EventCountry "CZE"]
[SourceTitle "EXT 1998"]
[Source "ChessBase"]
[SourceDate "1997.11.17"]
[SourceVersion "1"]
[SourceVersionDate "1997.11.17"]
[SourceQuality "1"]

1. e4 c5 2. Nf3 d6 3. d4 cxd4 4. Nxd4 Nf6 5. Nc3 e6 6. g4 h6 7. Be3 a6 8. h3
Nbd7 9. f4 b5 10. Bg2 Bb7 11. g5 hxg5 12. fxg5 b4 13. Nd5 exd5 14. gxf6 Nxf6
15. exd5 Nxd5 16. Qf3 Qe7 17. O-O-O Qxe3+ 18. Qxe3+ Nxe3 19. Bxb7 Ra7 20. Bc6+
Kd8 21. Rde1 g6 22. Bf3 Kc8 23. Nc6 Rc7 24. Rxe3 $2 (24. Nxb4 $142) 24... Bh6
25. Rhe1 Re8 26. Kd2 d5 $1 27. Bxd5 Rd7 28. Nxb4 a5 29. c4 axb4 30. Kd3 Rxe3+
31. Rxe3 Bxe3 32. Kxe3 Kc7 33. Kd4 f5 34. Ke5 (34. a3 $142 $17) 34... Rh7 35.
Bg2 Re7+ 36. Kf6 Re2 37. Bd5 Rxb2 38. Kxg6 f4 39. Kg5 Rxa2 40. Kxf4 b3 41. c5
Ra4+ 0-1

[Event "Nanjing FIDE GP (Women)"]
[Site "Nanjing"]
[Date "2009.09.30"]
[Round "3"]
[White "Fierro Baquero, Martha Lorena"]
[Black "Sebag, Marie"]
[Result "1/2-1/2"]
[WhiteElo "2386"]
[BlackElo "2519"]
[Annotator "CB"]
[PlyCount "115"]
[EventDate "2009.09.28"]
[EventType "tourn"]
[EventRounds "11"]
[EventCountry "CHN"]
[EventCategory "8"]
[SourceTitle "CBM 132 Extra"]
[Source "ChessBase"]
[SourceDate "2009.11.03"]
[SourceVersion "1"]
[SourceVersionDate "2009.11.03"]
[SourceQuality "1"]

1. e4 c5 2. Nf3 d6 3. d4 cxd4 4. Nxd4 Nf6 5. Nc3 a6 6. h3 e6 7. g4 d5 8. exd5
Nxd5 9. Nde2 Qa5 {this line was played some years back by Marie} (9... Bb4) 10.
Bd2 (10. Bg2 Nxc3 11. Nxc3 Bd7 (11... Be7 12. Bd2 Qc7 13. Qf3 Qe5+ 14. Qe2
Qxe2+ 15. Nxe2 Nc6 16. O-O-O Bd7 17. Bc3 Rg8 18. Ng3 O-O-O 19. Nh5 e5 20. Rhe1
Bg5+ 21. Bd2 Bxd2+ 22. Rxd2 Rde8 23. Be4 h6 24. Red1 Nb8 25. Bh7 Rh8 26. Nxg7
Rd8 27. Bf5 {1-0 Tsereteli,T (2316)-Sebag,M (2362)/Heraklio 2002 (58)}) 12.
Bxb7 Ra7 13. Bg2 Bc6 14. O-O h5 15. Bf4 Rb7 16. Ne4 hxg4 17. hxg4 Bxe4 18. Bxe4
Rxb2 19. Qd4 Rb4 20. Qc3 Qc5 21. Qxc5 Bxc5 22. Rab1 Ke7 23. Rxb4 Bxb4 24. Rb1
Bd6 25. Rb7+ Nd7 26. Bg5+ f6 {1/2-1/2 Hartmann,G (2275)-Zuse,K (2295)/GER 1989
(44)}) 10... Nc6 11. Bg2 Nxc3 12. Bxc3 Bb4 13. Qd2 O-O {now mass slaughter of
pieces follows !} (13... Bxc3 14. Qxc3 Qxc3+ 15. Nxc3) 14. Bxc6 Bxc3 15. Qxc3
Qxc3+ 16. Nxc3 bxc6 {just one e xchange short from the Munguntuul-Kovanova
game, also in the same round} 17. O-O-O $14 {the position favours white due to
the better pawn structure ofcourse} c5 18. Na4 Bb7 19. Rhe1 Rac8 20. Re3 $1 {
white's rooks are more active and black's next is pretty much forced} c4 21.
Rc3 {maybe better was} (21. Rd4 $5 {as c3 square was better reserved for white
king} Rc6 22. Kd2 Rb8 23. Kc3 f6 24. f4 Kf8 25. a3 $16) 21... Rc6 $1 22. Rd7
Ba8 23. Ra7 (23. f4 $5) 23... e5 24. b3 Rf6 25. Rxc4 Rxf2 26. Re7 $1 (26. Rxa6
Bg2 $14) 26... Bd5 27. Rc3 $16 e4 28. Nc5 (28. Re5 $1 Ba8 29. Nb6 $16) 28...
Rd8 29. Nxe4 Rf1+ 30. Kb2 Kf8 31. Ng3 Kxe7 32. Nxf1 g6 33. Ne3 Be6 34. Ng2 {
so white has come out a pawn up with a technically won position but of course
still much work to do} Rd4 35. Re3 (35. Rc7+ Kf6 36. Rc6 a5 37. Kc3 Re4 38. Kd3
Re5 39. Nf4 $16) 35... Kf6 36. Kc3 Rd6 37. Nf4 Kg5 38. Nxe6+ fxe6 39. Rd3 Rc6+
40. Kd2 e5 {Marie plays actively to create some counter chances. Otherwise the
two extra pawns on the queen side will win very easily} 41. Rf3 $6 (41. Rc3 $1
Rf6 42. Ke3 Rf1 43. Ke4 Re1+ 44. Re3 Rc1 45. c4 $18) 41... e4 42. Rf7 e3+ $1 {
Black correctly calculates that the resulting endgame is equal} 43. Kd3 e2 44.
Re7 Kh4 $1 45. Rxh7+ Kg3 46. Kxe2 $6 {the only chance to try and win was} (46.
Re7 Kxh3 47. g5 Kg4 48. c4 Kxg5 49. Rxe2 {and white should win this I believe}
Kf4 50. Rf2+ {Diagram #} Ke5 $5 (50... Kg3 51. Rf8 g5 52. b4 g4 53. a4 Kh2 54.
Rh8+ Kg2 55. b5 axb5 56. cxb5 Rd6+ 57. Kc4 g3 58. a5 Rd2 59. a6 Ra2 60. Kc5)
51. Rg2 $16 (51. b4 Rd6+ (51... g5 52. c5 g4 53. a4 g3 54. Rg2 Kf4 55. Kd4 Kf3
56. Rg1 Kf2 57. Rc1 g2 58. Rc2+ Kg3 59. Rxg2+ Kxg2 60. b5 axb5 61. axb5 Rc7 62.
c6 Kf3) 52. Kc3 g5 53. Re2+ (53. c5 Rg6 54. a4 g4 $11) 53... Kf4 54. c5 Rg6 55.
a4 $18)) 46... Rxc2+ {after this black is drawing easily} 47. Kd3 Rxa2 48. Rg7
(48. Rh6 g5 49. b4 Rb2 50. Kc4 Rb1 51. Rg6 Kh4 $11) 48... Kxh3 49. Rxg6 Kg3 50.
Ke4 Ra3 $1 $11 51. g5 Rxb3 52. Rxa6 Kg4 53. g6 Kg5 54. g7 Rb8 55. Ra1 Re8+ 56.
Kd5 Kf6 57. Rg1 Rg8 58. Kd4 1/2-1/2

[Event "ESP-chT CECLUB Honor"]
[Site "Sestao"]
[Date "2010.08.27"]
[Round "5"]
[White "Short, Nigel D"]
[Black "Fluvia Poyatos, Joan"]
[Result "1-0"]
[WhiteElo "2690"]
[BlackElo "2499"]
[Annotator "CB"]
[PlyCount "117"]
[EventDate "2010.08.23"]
[EventType "team-tourn"]
[EventRounds "7"]
[EventCountry "ESP"]
[SourceTitle "CBM 138"]
[Source "ChessBase"]
[SourceDate "2010.09.17"]
[SourceVersion "1"]
[SourceVersionDate "2010.09.17"]
[SourceQuality "1"]

1. e4 c5 2. Nf3 d6 3. d4 cxd4 4. Nxd4 Nf6 5. Nc3 Nc6 6. h3 e6 7. g4 a6 8. Bg2
Nd7 9. O-O Be7 10. f4 Nxd4 11. Qxd4 Qb6 12. Qxb6 Nxb6 13. a4 Nd7 14. a5 b6 15.
axb6 Rb8 16. Rd1 Rxb6 17. b3 Rc6 18. Bd2 h6 19. Ra2 g5 20. Ne2 gxf4 21. Nxf4
Ne5 22. Kf2 Bh4+ 23. Ke2 Bg5 24. c4 Ke7 25. Ra3 Bd7 26. Nd3 Nxd3 27. Kxd3 Bxd2
28. Rxd2 Rb6 29. Kc3 Rhb8 30. Rb2 Rc8 31. Ra5 e5 32. Rba2 Rcb8 33. R2a3 Bc8 34.
Bf3 Rc6 35. Be2 Rcb6 36. Bd3 Kf6 37. h4 {#} Bxg4 $2 {The moment Short had been
hoping for. Black missteps, either for undue fear of c5, or misevaluating how
much faster the White pawns go forward.} (37... Bb7 38. Ra1 (38. c5 dxc5 39.
Rxc5 Rg8) 38... Ke7 39. Rb1 Bc6 40. c5 (40. b4 Bd7 41. g5 (41. b5 axb5 42. cxb5
Bxg4 43. Ra7+ R8b7 44. Rba1 Bd7 $11) 41... hxg5 42. hxg5 Rh8 43. Rg1) 40...
dxc5 41. Rxc5 f6 42. g5 hxg5 43. hxg5 Kd6 {And Black is fine.}) 38. Rxa6 Kg6
39. Rxb6 Rxb6 40. b4 Kh5 41. b5 {#} Kxh4 $2 {Though this loses faster, there
was little hope in the alternative.} (41... Rb8 42. Ra6 Rd8 43. Ra2 $1 {
The idea is to bring the rook to d2 to pressure d6 (tying Black's rook to its
defense) and cover h2, forcing Black's king to support the h-pawn advance.}
Kxh4 44. Rd2 Rg8 (44... h5 45. Bf1 Rd7 46. b6 $1) 45. Bc2 Rg6 46. Bd1 h5) 42.
Ra6 Rxa6 43. bxa6 Bc8 44. a7 Bb7 45. Kd2 Kg5 46. Ke3 h5 47. c5 h4 48. Ba6 h3
49. Bxb7 h2 50. a8=Q h1=Q 51. Qd8+ Kg6 52. Qxd6+ f6 53. Kd2 Qb1 54. Qb6 Qa2+
55. Kd3 Qa3+ 56. Kc4 Qa4+ 57. Qb4 Qc2+ 58. Kb5 Qd3+ 59. Qc4 1-0

[Event "Vienna op"]
[Site "Vienna"]
[Date "1996.??.??"]
[Round "7"]
[White "Lugovoi, Aleksei"]
[Black "Cvitan, Ognjen"]
[Result "0-1"]
[WhiteElo "2500"]
[BlackElo "2535"]
[Annotator "Chekhov,V"]
[PlyCount "114"]
[EventDate "1996.??.??"]
[EventType "swiss"]
[EventRounds "9"]
[EventCountry "AUT"]
[SourceTitle "CBM 053 Extra"]
[Source "ChessBase"]
[SourceDate "1996.09.01"]
[SourceVersion "1"]
[SourceVersionDate "1996.09.01"]
[SourceQuality "1"]

1. e4 c5 2. Nf3 e6 3. d4 cxd4 4. Nxd4 Nf6 5. Nc3 d6 6. g4 Nc6 7. g5 Nd7 8. Be3
Be7 9. h4 O-O 10. Qd2 (10. Qh5 $5 a6 11. O-O-O Nxd4 12. Bxd4 b5 13. Bd3 b4 $6 (
13... Ne5 $5 $132) 14. Bxg7 $1 Nc5 15. Qh6 Re8 16. Ne2 e5 17. Ng3 $18 {
Movsesian,S-Babula,V/CZE/1996/1|0/20/}) (10. Rg1 Nde5 11. Nxc6 bxc6 12. f4 Nd7
13. Qf3 d5 14. exd5 exd5 15. O-O-O Qa5 16. Bd3 Bc5 $132 {Fernandez Garcia,
J-Cvitan,O/Linares/1996/0|1/36/}) (10. Qe2 $5) 10... Nde5 11. Be2 (11. O-O-O
Ng4 12. Nxc6 bxc6 13. Bf4 Rb8 $132 {Rowson,J-Cvitan,O/Cappelle La Grande/1996/
0,5/14/}) 11... a6 12. f4 Nxd4 13. Qxd4 Nc6 14. Qd2 b5 15. O-O-O Qa5 16. f5 $5
(16. a3 b4 17. Nb1 Rb8 18. b3 bxa3 19. Qxa5 Nxa5 20. Nc3 (20. Nxa3 d5 $17)
20... Bb7 $36 {Summalvuo,T-Tratar,M/ARG/1993/0,5/66/}) 16... b4 17. Nb1 exf5
18. g6 (18. Bd3 Ne5 $17) 18... Qxa2 (18... fxg6 19. Bc4+ Kh8 20. h5 $36) (18...
hxg6 19. h5 $132) 19. Bg5 (19. gxh7+ Kh8 20. h5 Bf6 $19) 19... fxe4 20. gxh7+
Kh8 21. Bxe7 Nxe7 22. Qxb4 Nd5 (22... Bf5 $5 23. Qxd6 (23. Rxd6 Rab8 24. Qa3
Qxa3 25. Nxa3 Bxh7 26. Rxa6 f5 27. Nc4 f4 $17) 23... Rab8 24. Qa3 (24. Qxe7
Qxb2+ 25. Kd2 e3+ 26. Ke1 Bxc2 $19) 24... Qxa3 25. Nxa3 a5 $6 (25... Rb6 $5 26.
Nc4 Rh6 $17) 26. Nc4 a4 27. Nd6 Bxh7 28. Bc4 $44) 23. Qxe4 Bb7 24. Qd4 Rac8 25.
Bd3 Qa5 26. Rhg1 f6 27. Rde1 (27. h5 Nb4 28. Nc3 (28. Bg6 $4 Na2#) 28... Nxd3+
29. Qxd3 Qxh5 30. Qxd6 Rf7 $15) 27... Rc7 (27... Nb4 28. Bg6 Rc5 29. Nc3 (29.
Qxd6 $4 Na2+ 30. Kd1 Rd5+ $19) 29... Nd5 $36) 28. h5 Qb4 29. Qxb4 Nxb4 30. Bg6
Nc6 (30... f5 31. Nc3 d5 32. Rd1 $13) 31. Rd1 Rd8 32. Rg4 (32. Nc3 Ne5 $17)
32... d5 33. Nc3 d4 34. Ne2 d3 $1 35. Nc3 (35. Rxd3 Rxd3 36. Bxd3 Ne5 37. Rg3
Nxd3+ 38. Rxd3 Be4 39. Rd8+ Kxh7 40. c3 Rc5 41. Ng3 Bf3 $17) (35. Bxd3 Ne5 36.
Rg3 Nxd3+ 37. Rgxd3 Rxd3 38. Rxd3 Be4 39. Rd8+ Kxh7 40. Nc3 Bf3 $17) 35... Ne5
36. Rg3 Bf3 37. Rd2 Bg4 38. cxd3 f5 39. d4 Nxg6 40. hxg6 Rc6 $17 41. Re3 (41.
d5 Rxg6 42. Rd4 Kxh7 43. Kd2 Kg8 44. Ke3 $17) 41... Rxg6 42. Rh2 Rh6 43. Rxh6
gxh6 44. Re6 (44. Re7 Rxd4 $19) 44... Kxh7 45. d5 h5 46. Rxa6 h4 47. Kd2 Rb8
48. Ke3 h3 49. Kf4 Rb4+ (49... h2 50. Ra1 Rxb2 51. Rh1 Rf2+ 52. Ke3 Rf3+ 53.
Kd2 Rh3 54. d6 $1) 50. Kg5 (50. Kg3 Rxb2 51. d6 (51. Ra2 Rxa2 $6 (51... h2 $1
52. Ra1 Rb3 $19) 52. Nxa2 f4+ 53. Kh2 f3 54. Kg3 $10) 51... h2 52. Ra1 Rb3 $19)
50... Rxb2 (50... h2 $4 51. Rh6+ Kg7 52. Rxh2 $16) 51. Ra7+ Kg8 52. Ra1 (52. d6
h2 53. d7 Rb8 54. Ra1 Bf3 $19) 52... h2 53. Ne4 Bf3 (53... fxe4 54. Kxg4 Rg2+
55. Kh3 Rg1 56. Ra8+ $1 $10) 54. Nf6+ Kf8 55. Kxf5 h1=Q 56. Rxh1 Bxh1 57. d6
Kf7 0-1

[Event "Buenos Aires"]
[Site "Buenos Aires"]
[Date "1980.??.??"]
[Round "?"]
[White "Ljubojevic, Ljubomir"]
[Black "Najdorf, Miguel"]
[Result "1/2-1/2"]
[WhiteElo "2590"]
[BlackElo "2510"]
[Annotator "Chekhov,V"]
[PlyCount "36"]
[EventDate "1980.10.15"]
[EventType "tourn"]
[EventRounds "13"]
[EventCountry "ARG"]
[EventCategory "13"]
[SourceTitle "MCL"]
[Source "ChessBase"]
[SourceDate "1999.07.01"]
[SourceVersion "1"]
[SourceVersionDate "1999.07.01"]
[SourceQuality "1"]

1. e4 c5 2. Nf3 d6 3. d4 cxd4 4. Nxd4 Nf6 5. Nc3 e6 6. g4 h6 7. h4 Be7 8. Qf3 (
8. Be3 Nc6 9. Rg1 h5 10. gxh5 Nxh5 11. Be2 g6 12. Qd2 a6 13. O-O-O Bd7 14. f4
$36 {Sznapik,A-Schmidt,W/POL/1991/1:0 (31) Inf 52/222/}) (8. Rg1 d5 9. Bf4 Bb4
10. Ndb5 Nc6 11. Nc7+ Kf8 12. Nxa8 Nxe4 13. a3 Qxh4 14. Bg3 Bxc3+ 15. bxc3 Qf6
16. Qd3 Nxc3 $1 17. Bg2 Bd7 18. Nc7 Ke7 19. Kd2 {Ivanchuk,V-Timman,J/Hilversum
(m/6)/1991/0:1 (33) Inf 53/212/} Na5 20. Qxc3 Nc4+ 21. Kd3 Nb2+ $10) 8... h5 9.
gxh5 Nxh5 10. Bg5 $5 Nc6 11. O-O-O Bxg5+ 12. hxg5 Qxg5+ 13. Kb1 Nxd4 14. Rxd4
Bd7 15. Rxd6 Bc6 16. Be2 (16. Rxc6 $6 bxc6 17. e5 Rd8 $1 $15 {Ljbojevic,
L-Timman,J/Montreal/1979/}) 16... g6 17. Qd3 Qe5 $1 18. Bxh5 (18. Qd4 Qxd4 19.
Rxd4 Ke7 20. Bxh5 Rxh5) 18... Rxh5 (18... Rxh5 19. Rxh5 Qxh5 20. Qd4 $2 (20. a4
Qe5 $1 $15) 20... Qh1+ 21. Qd1 Bxe4 $15) 1/2-1/2

[Event "ARM-ch"]
[Site "Yerevan"]
[Date "1995.??.??"]
[Round "10"]
[White "Akopian, Vladimir Eduardovic"]
[Black "Anastasian, Ashot"]
[Result "1/2-1/2"]
[WhiteElo "2625"]
[BlackElo "2520"]
[Annotator "Chekhov,V"]
[PlyCount "78"]
[EventDate "1995.08.??"]
[EventType "tourn"]
[EventRounds "11"]
[EventCountry "ARM"]
[EventCategory "10"]
[SourceTitle "CBM 050"]
[Source "ChessBase"]
[SourceDate "1996.02.01"]
[SourceVersion "1"]
[SourceVersionDate "1996.02.01"]
[SourceQuality "1"]

1. e4 c5 2. Nf3 d6 3. d4 cxd4 4. Nxd4 Nf6 5. Nc3 e6 6. g4 h6 7. h4 Nc6 8. Rg1
d5 9. Bb5 (9. exd5 Nxd5 10. Nxd5 Qxd5 11. Bg2 Qe5+ 12. Be3 Bd7 13. Nxc6 Bxc6
14. Bxc6+ bxc6 15. Qd4 Qxd4 16. Bxd4 $14 {Macieja,B-Mirumian,V/Szeged/1994/0,5/
34/}) 9... Bd7 10. exd5 Nxd5 (10... Nxd4 11. Bxd7+ Qxd7 12. Qxd4 Nxd5 13. Nxd5
Qxd5 (13... exd5 $6 14. Be3 b6 15. O-O-O O-O-O 16. Kb1 $16 {Lanka,Z-Lutskan,A/
LAT/1993/1|0/46/}) 14. Qxd5 exd5 15. Be3 Be7 16. h5 Kd7 $14 {Nikolenko,
O-Zakharov,A/Smolensk/1991/0,5/43/}) 11. Nxd5 exd5 12. Be3 (12. Qe2+ Be7 13.
Nf5 Bxf5 14. gxf5 Kf8 15. Bxc6 bxc6 16. Bd2 Bxh4 17. O-O-O Bf6 $13 {Anka,
E-Sergienko,S/Harkany/1993/0,5/26/}) 12... Be7 (12... Qxh4 $5 13. Qf3 a6 14.
Bxc6 bxc6 15. O-O-O Bd6 16. Nf5 Bxf5 17. gxf5 Be5 18. Kb1 Rb8 19. b3 Qb4 20.
Rd3 $146 {Anand,V-Salov,V/Moscow/1992/0/5/36/}) 13. g5 $5 {/N/} (13. Qd2 Bxh4 (
13... Nxd4 $5 14. Bxd7+ Qxd7 15. Bxd4 Qe6+ 16. Kf1 O-O $13 {Makarichev/}) 14.
O-O-O Bf6 15. Nf5 Bxf5 16. gxf5 a6 17. Bxc6+ bxc6 18. Bc5 Rb8 19. b4 Rb5 20.
Rge1+ Kd7 21. c4 $16 {Karpov,A-Spassky,B/Tilburg/1980/1|0/35/}) 13... hxg5 14.
hxg5 Rh4 15. Bxc6 (15. Qd2 $6 Nxd4 16. Bxd7+ Qxd7 17. Bxd4 Re4+ 18. Kd1 g6 19.
c3 O-O-O) 15... bxc6 16. Nb3 a5 17. Qd3 a4 18. Nd2 (18. Nc5 $2 Qa5+ 19. Qc3
Qxc3+ 20. bxc3 Bf5 $17) (18. Nd4 Qb6 $1 $36) 18... a3 19. b3 d4 $1 20. Nf3 (20.
Bxd4 Bf5 21. Qxf5 Qxd4 22. Rd1 Bb4 $17) 20... dxe3 21. Nxh4 Qa5+ 22. c3 exf2+
23. Kxf2 O-O-O $6 (23... Bc5+ $5 24. Kf3 Bxg1 25. Rxg1 O-O-O) 24. b4 $1 Qb6+
25. Qe3 Qxe3+ 26. Kxe3 c5 27. Nf3 Be6 (27... cxb4 28. cxb4 Bxb4 $4 29. Rgc1+
Kb7 30. Rab1 $18) 28. bxc5 Bxc5+ 29. Nd4 Bc4 $44 30. Rg2 Rh8 31. Kd2 Rh3 32.
Kc2 (32. Nb3 $5) 32... g6 33. Nb3 Bd3+ 34. Kd2 Bd6 35. Rf2 (35. Re1 $5 Bf4+ 36.
Kd1 Bf5 $44) 35... Bc4 36. Re1 $4 (36. Kc2 $5) 36... Bg3 37. Re3 Bxb3 38. axb3
a2 39. Rxf7 Bf4 (39... Bf4 40. Rxf4 Rh2+ 41. Kd3 a1=Q 42. Rf8+ Kd7 43. Rf7+ Kd6
44. Rf6+ Kd7 (44... Kd5 $4 45. c4+ Kc5 46. Re5+ Kb4 47. Rb6+ Ka3 48. Ra5+ $18)
45. Rf7+ Kd6 $10) 1/2-1/2